|
|
|
|
| LEADER |
02368nam a22004095i 4500 |
| 001 |
978-3-8349-4134-3 |
| 003 |
DE-He213 |
| 005 |
20151204162049.0 |
| 007 |
cr nn 008mamaa |
| 008 |
120428s2012 gw | s |||| 0|eng d |
| 020 |
|
|
|a 9783834941343
|9 978-3-8349-4134-3
|
| 024 |
7 |
|
|a 10.1007/978-3-8349-4134-3
|2 doi
|
| 040 |
|
|
|d GrThAP
|
| 050 |
|
4 |
|a HB615
|
| 072 |
|
7 |
|a KJH
|2 bicssc
|
| 072 |
|
7 |
|a BUS025000
|2 bisacsh
|
| 082 |
0 |
4 |
|a 658.421
|2 23
|
| 100 |
1 |
|
|a Uecke, Oliver.
|e author.
|
| 245 |
1 |
0 |
|a How to Commercialise Research in Biotechnology?
|h [electronic resource] :
|b Effectiveness of the Innovation Process and of Technology Transfer in the Biotechnology Sector /
|c by Oliver Uecke.
|
| 264 |
|
1 |
|a Wiesbaden :
|b Gabler Verlag,
|c 2012.
|
| 300 |
|
|
|a XXII, 323 p. 25 illus.
|b online resource.
|
| 336 |
|
|
|a text
|b txt
|2 rdacontent
|
| 337 |
|
|
|a computer
|b c
|2 rdamedia
|
| 338 |
|
|
|a online resource
|b cr
|2 rdacarrier
|
| 347 |
|
|
|a text file
|b PDF
|2 rda
|
| 505 |
0 |
|
|a Research gap and contribution -- Definition of key concepts -- The biotechnology sector as conceptual framework -- Data and methodology -- Results, discussion and implications.
|
| 520 |
|
|
|a Biotechnology is considered as a key technology of the 21st century with the potential to offer technological solutions for global health and resource-based problems. Oliver Uecke analyses how early stages of the innovation process in biotechnology can be effectively managed, with the aim to transfer an innovation from academia to industry. A mixed method approach is applied with a multiple case study approach to identify characteristics for effective management and the method of discrete choice experiments/best-worst scaling to estimate the importance of these characteristics. This study adds to existing research by identifying a group of five important characteristics that should be considered for effective management, compared to a group of four characteristics that are less important.
|
| 650 |
|
0 |
|a Business.
|
| 650 |
|
0 |
|a Entrepreneurship.
|
| 650 |
1 |
4 |
|a Business and Management.
|
| 650 |
2 |
4 |
|a Entrepreneurship.
|
| 710 |
2 |
|
|a SpringerLink (Online service)
|
| 773 |
0 |
|
|t Springer eBooks
|
| 776 |
0 |
8 |
|i Printed edition:
|z 9783834941336
|
| 856 |
4 |
0 |
|u http://dx.doi.org/10.1007/978-3-8349-4134-3
|z Full Text via HEAL-Link
|
| 912 |
|
|
|a ZDB-2-SBE
|
| 950 |
|
|
|a Business and Economics (Springer-11643)
|